| 000 | 00326 a2200121 4500 | ||
|---|---|---|---|
| 003 | Nust | ||
| 005 | 20170207154040.0 | ||
| 040 | _cNust | ||
| 245 |
_aUNIX Essentials Featuring the Solaris 10 Operating System SA100S10 SG (E-BOOK) _cSun Microsystems |
||
| 260 |
_aSun Microsystems, Inc. _bUSA _c2005 |
||
| 300 | _a710 p | ||
| 651 | _aE-BOOK | ||
| 942 |
_2ddc _cBK |
||
| 999 |
_c192563 _d192563 |
||